[Event "Liptovsky Mikulas V4 U15 op"]
[Site "Liptovsky Mikulas"]
[Date "2017.06.23"]
[Round "6"]
[White "Kostelansky, Karol"]
[Black "Semenov, Roman"]
[Result "0-1"]
[WhiteElo "1210"]
[BlackElo "1479"]
[PlyCount "108"]
[EventDate "2017.06.21"]
[EventType "swiss"]
[EventRounds "9"]
[EventCountry "SVK"]
[SourceTitle "CBM 179 Extra"]
[Source "ChessBase"]
[SourceDate "2017.08.23"]
[SourceVersion "1"]
[SourceVersionDate "2017.08.23"]
[SourceQuality "1"]

1. e4 e5 2. Nf3 Nc6 3. c3 Nf6 4. d4 exd4 5. e5 Nd5 6. Qb3 Nb6 7. cxd4 d6 8. Bb5 Bd7 9. 0-0 d5 10. Nc3 Ne7 11. Bg5 Bxb5 12. Nxb5 h6 13. Bh4 g5 14. Bg3 Nf5 15. Qc2 Nxg3 16. fxg3 c6 17. Nc3 Qd7 18. Qf2 Be7 19. Nd2 Rf8 20. Qf5 0-0-0 21. Qxd7+ Kxd7 22. Rf5 Ke6 23. Raf1 Nd7 24. Nb3 f6 25. exf6 Rxf6 26. g4 Rdf8 27. Rxf6+ Rxf6 28. Rxf6+ Bxf6 29. Kf2 Nb6 30. Nc5+ Kd6 31. Ne2 Bxd4+ 32. Nxd4 Kxc5 33. Nf5 Nc4 34. b3 Ne5 35. Nxh6 Kd4 36. h4 gxh4 37. g5 Ke4 38. g3 hxg3+ 39. Kxg3 d4 40. Kf2 b6 41. Ng8 Kf5 42. Ne7+ Kxg5 43. Nc8 Kf4 44. Ke2 c5 45. Nxa7 Ke4 46. a4 c4 47. bxc4 Nxc4 48. Nc8 d3+ 49. Kd1 Ke3 50. Nxb6 Nb2+ 51. Kc1 d2+ 52. Kxb2 d1Q 53. Kc3 Qd4+ 54. Kc2 Qxb6 0-1

[Event "Liptovsky Mikulas V4 U15 op"]
[Site "Liptovsky Mikulas"]
[Date "2017.06.21"]
[Round "1"]
[White "Semenov, Roman"]
[Black "Malinowska, Maja"]
[Result "1-0"]
[WhiteElo "1479"]
[BlackElo "1008"]
[PlyCount "147"]
[EventDate "2017.06.21"]
[EventType "swiss"]
[EventRounds "9"]
[EventCountry "SVK"]
[SourceTitle "CBM 179 Extra"]
[Source "ChessBase"]
[SourceDate "2017.08.23"]
[SourceVersion "1"]
[SourceVersionDate "2017.08.23"]
[SourceQuality "1"]

1. e4 e5 2. Nf3 Nc6 3. Nc3 Bc5 4. Nxe5 Nf6 5. Nxc6 dxc6 6. Be2 Bd6 7. 0-0 Be6 8. d4 Nd7 9. Bg4 Qh4 10. h3 Qf6 11. e5 Nxe5 12. dxe5 Qxe5 13. g3 f5 14. Bf3 0-0-0 15. Bf4 Qc5 16. Qd2 Rhg8 17. Qe3 Qxe3 18. Bxe3 g5 19. Kh2 g4 20. hxg4 fxg4 21. Bg2 h5 22. Ne4 Be5 23. c3 h4 24. Bg5 hxg3+ 25. fxg3 Rh8+ 26. Kg1 Rd3 27. Bf4 Rh5 28. Bxe5 Rxe5 29. Rfe1 Bd5 30. Kf2 Rf5+ 31. Kg1 Bxe4 32. Bxe4 Rxg3+ 33. Kh2 Rh3+ 34. Kg2 Rf4 35. Bc2 Rff3 36. Be4 Rf4 37. Rad1 a6 38. Bf5+ Kb8 39. Bxg4 Rh8 40. Bf3 Rg8+ 41. Kf2 Rff8 42. Re4 Rh8 43. Rg1 Ka7 44. Ke2 Kb6 45. Kd2 a5 46. Rgg4 Kb5 47. Be2+ Kb6 48. Rg7 c5 49. Rge7 Rd8+ 50. Kc1 Rh1+ 51. Kc2 Rh2 52. Rh7 Rg2 53. Re6+ c6 54. Ree7 c4 55. Rxb7+ Ka6 56. Rbe7 Kb5 57. Rh5+ Ka6 58. Ree5 Kb6 59. Rh4 c5 60. Rxc4 Kc6 61. Rcxc5+ Kb6 62. Rb5+ Kc6 63. Rec5+ Kd6 64. Rd5+ Kc6 65. Rxd8 Rxe2+ 66. Rd2 Rxd2+ 67. Kxd2 Kxb5 68. Kd3 Kc5 69. b4+ Kd6 70. Kd4 Kc6 71. c4 a4 72. c5 Kb7 73. b5 Kc7 74. Kd5 1-0